| 000 | 00439nam a2200181Ia 4500 | ||
|---|---|---|---|
| 008 | 180207s9999 xx 000 0 und d | ||
| 020 | _a9780717285785 | ||
| 050 | _bB534 2005 | ||
| 100 | _aBerry, Joy. | ||
| 245 | 2 | _aA book about being bullied / | |
| 245 | _cJoy Berry. | ||
| 260 | _aNew York : | ||
| 260 | _bScholastic, | ||
| 260 | _c2005 | ||
| 300 | _aunpaged : | ||
| 300 | _bcolor illustration ; | ||
| 440 | _aHelp me be good! | ||
| 999 |
_c355122 _d355122 |
||